Most expensive football transfers - Centre-Backs - 2015-2016 Season - Statistics

General Stats
  • This quiz has been taken 16 times
  • The average score is 6 of 11
Answer Stats
Fee (M €) Nationality Left Joined Player % Correct
44,50 Argentina Valencia Manchester City Nicolás Otamendi
93%
12,00 Montenegro Fiorentina Atlético Madrid Stefan Savic
79%
16,00 Belgium Atlético Madrid Tottenham Toby Alderweireld
79%
15,70 Netherlands Celtic Southampton Virgil van Dijk
79%
31,50 Brazil FC Porto Real Madrid Danilo
50%
12,20 Argentina River Plate Everton Ramiro Funes Mori
43%
25,00 Italy AS Roma AC Milan Alessio Romagnoli
36%
12,00 Democratic Republic of the Congo RSC Anderlecht Newcastle Chancel Mbemba
29%
11,30 England Hull City West Brom James Chester
29%
11,30 England Ipswich Bournemouth Tyrone Mings
21%
22,00 Tunisia Monaco Valencia Aymen Abdennour
14%
No matching quizzes found
Score Distribution
Percent of People with Each Score
Percentile by Number Answered
Your Score History
You have not taken this quiz